[Event "Chelyabinsk 14.4"]
[Site "Dortmund GER"]
[Date "2002.07.19"]
[Round "14.4"]
[White "Topalov, Veselin"]
[Black "Leko, Peter"]
[Result "0-1"]
[WhiteElo "2745"]
[BlackElo "2722"]
[EventDate "2002.07.18"]
[Annotator "Rogozenco"]

1. e4 {Ftacnik} 1. ... c5 2. Nf3 Nc6 3. d4 cxd4 4. Nxd4 Nf6 5. Nc3 e5 6. 
Ndb5 d6 7. Bg5 a6 8. Na3 b5 9. Bxf6 gxf6 10. Nd5 f5 11. Bd3 Be6 12. O-O 
Bxd5 13. exd5 Ne7 14. c3 Bg7 15. Qh5 e4 16. Bc2 O-O 17. Rae1 Qc8 18. Kh1 (
{Later White would try to develop his initiative by means of} 18. Bb1 {
Then the game may go on in the following way:} 18. ... Qc5 ( 18. ... Rb8 {
is already ineffective in view of} 19. Nc2 ) 19. Kh1 Qxd5 20. f3 Qe5 21. 
fxe4 fxe4 22. Qxe5 dxe5 23. Bxe4 Rad8 24. Rd1 f5 25. Bb7 Rxd1 26. Rxd1 Rf6
27. Nc2 Bf8 28. Ne3 Bh6 29. Nd5 Nxd5 30. Rxd5 Bc1 31. b3 Bb2 32. Rxe5 Bxc3
33. Re7 Rd6 34. g3 Rd1+ 35. Kg2 Rd2+ {1/2-1/2(69) Almasi, Zoltan (2644) - 
Leko, Peter (2713) / Amber-rapid 11th (2), Monte Carlo MNC 2002} ) 18. ...
 Rb8! {Lately Black was facing problems in this line and Leko's novelty 
might change its evaluation. Black goes for a quick ...b4.} 19. g4!? {
Ftacnik: 'Topalov is brave in his desire to refute Leko's successfull idea
from his match game against Shirov.'

By his energetic actions on the K-side White seeks to forestall his 
opponent's couterplay on the opposite side of the board } ( 19. f3 {is 
another principled move, played by Shirov:} 19. ... b4 20. Nb1 bxc3 21. 
bxc3 Bxc3 22. Nxc3 Qxc3 23. fxe4 f4 ( 23. ... Qxc2 24. exf5 â†’ ) 24. Bb3 
Ng6 {Usually if Black can achieve such a domination on the dark squares, 
he has no opening problems, to say the least.} 25. Rc1 Qf6 26. Qf5 Qe7 27.
 Rc4 a5 28. h3 Rb4 29. Rxb4 axb4 30. Bd1 Ra8 31. Rf2 Qa7 32. Rc2 Kg7 33. 
Kh2 Qe3 -/+ {0-1 Shirov,A-Leko,P/Dortmund 2002 (47)} ) ( {Sluggish } 19. 
Bb1 {(with an idea of Na3-c2-e3} 19. ... b4 20. cxb4 Rxb4 {gives Black 
good counterchances} ) 19. ... b4! {Both parties are energetic in 
implementing their plans } ( 19. ... fxg4? 20. Rxe4 Ng6 21. Rxg4 +/- ) ( 
19. ... Nxd5 20. gxf5 Nf6 21. Qg5 h6 22. Qg2 Qxf5 23. Bxe4 Qg5 24. Qf3 +/-
) 20. cxb4 Nxd5 {I have no doubts both sides analyzed this position very 
well, Leko having the advantage of doing it before the tournament though, 
in opposite to Topalov, who must have analyzed it only after the game 
Shirov-Leko, played a few days before the present game.} ( 20. ... Bxb2? 
21. gxf5 Bxa3? 22. Rg1+ Kh8 23. Rxe4 +- {is a demonstration of White's 
potential. Black's main task is to defend kingside, because usually he has
enough possibilities to create counterplay on the queenside later on.} ) 
21. gxf5 ( {To a position of dynamic equilibrium leads} 21. Bxe4 fxe4 22. 
Qxd5 Rxb4 23. Rxe4 Rxe4 24. Qxe4 Re8! {as it frequently happens in the 
Cheliabisk Variation, the a3-knight is offside, and this allows Black to 
obtain counterplay} 25. Qd5 Qxg4 26. Nc4 Qe4+ 27. Qxe4 Rxe4 28. Nxd6 Re2 )
21. ... Kh8! {A strong prophylactic move. Black does not hurry to harvest 
the b2- and b4-pawns but amortizes the opponent's threats on the K-side 
first of all, thus increasing the potential of his counterplay } ( 21. ...
 Bxb2? 22. Bb3 Nf6 23. Qg5+ Kh8 24. Nc4 Rg8 25. Qf4 +/- ) 22. Rg1!? ( {In 
case of} 22. Bxe4 Nf6 23. Qf3 Rxb4 { Black obtains adequate counterplay} 
24. b3 Rxe4!? 25. Rxe4 Nxe4 26. Qxe4 Qc5 27. b4 Qc3 28. Nb1 Qb2 =/& ) 
22. ... Bxb2 {White's problem is that he cannot open the diagonal b1-h7 
for his bishop.} 23. Qh6 {White systematically plays for the attack 
against black king's fortifications } ( 23. Bxe4 Nf6 24. Qh6 Nxe4 25. Rxe4
Qxf5 =+ ) 23. ... Qc3! {White must play carefully, since at one moment 
Black might just take the piece on a3.  Queen's joining in the K-side 
defence allows Black to consolidate the position } 24. Rxe4 {With a threat
of 25.Qh7! Kh7 26.Rh4#, that Black manages to parry in time } ( 24. Bxe4 
Qf6! ) 24. ... Qf6! {Ftacnik: 'Black is applying the same sound strategy 
of domination on the dark squares, white Na3 makes a sorry picture.'} 25. 
Qh3 ( {White may try to create threats to the black king in the endgame as
well} 25. Rh4 Qxh6 26. Rxh6 Bxa3 27. f6 {but even here Black's defensive 
resources are quite adequate } 27. ... Nxf6 28. Rxf6 Bxb4 29. Rh6 f5! ) 
25. ... Rg8! 26. Rf1 {After this move is clear that Black won the 
theoretical battle. Topalov was in a must-win situation and it influenced 
him from taking objective decisions.} ( 26. Qb3!? Rxg1+ 27. Kxg1 Bxa3 ( 
27. ... Nc3 28. Re3 d5 29. Nb1 ( 29. Qxb2? Ne2+ ) 29. ... Rg8+ 30. Kf1 
Nxb1 31. Bxb1 ) 28. Qxd5 ( 28. Qxa3 Qa1+ 29. Kg2 Rg8+ 30. Kf3 Qh1+ 31. Ke2
Rc8 32. Qb2+ Nc3+ 33. Kd2 Qxh2 {is just bad for White} ) 28. ... Bxb4 {
with a high probability of draw was the logical outcome.} ) 26. ... Bxa3! 
{The unexpected exchange of the bishop for a seemingly passive a3-knight 
(which, however, has been ready to enter the game via the a4-square) 
allows Black to seize the initiative } 27. Qxa3 Rbc8 {Now Black is better 
in spite of being a pawn down. All his pieces are active, while White has 
no co-ordination at all.} 28. Bd1 Nc3 29. Re3 d5! {Black has a strong 
initiative. Just as in the previous game, black knight proves to be 
stronger than the opponent's bishop, and his d-pawn rushes forward 
becoming quite dangerous } 30. Rg3 d4 31. Bf3 d3!? 32. Qb2 Qd4 33. Rd1? ( 
{The best defence is} 33. Qd2 =+ Ne4 34. Bxe4 Qxe4+ 35. f3 Qxf5 =+ ) 
33. ... Rxg3! {Improving the opponent's pawn structure without prejudices 
} 34. hxg3 Rc4! {'!' Ftacnik. 

 A powerful group of black centralized pieces ensures his decisive 
advantage } 35. Rf1 ( 35. Rd2 Rxb4 36. Qa3 Nb1 ) 35. ... d2 36. f6!? {'?' 
Ftacnik. An interesting practical chance, which almost worked out.} ( 36. 
Qb3 {Ftacnik} 36. ... Kg7! 37. a3 Ne4 -/+ ) 36. ... Qxf6 ( 36. ... Ne4 {is
a simple win for Black:} 37. Qxd4 Rxd4 38. Kg2 Nc3 39. Bd1 Rxb4 -+ 40. Kf3
Rb1 41. Ke3 Rxd1 42. Rxd1 Nxd1+ 43. Kxd2 Nxf2 ) ( 36. ... Rxb4!? 37. Qa3 (
37. Qc2 Rb6 38. Kg2 Rxf6 39. Rh1 h6 -+ ) 37. ... Rb8 38. Qxa6 d1=Q 39. 
Bxd1 Nxd1 ) 37. Kg2 Qd4 38. Qc2 {Now Topalov is back in the game. As it 
often happens, the pawn on f5 only disturbed white pieces from creating 
threats against black king.} 38. ... Rc7 {'!' Ftacnik.} 39. Qf5 f6 40. Rh1
d1=Q 41. Bxd1 Nxd1 -/+ {Black won a piece, but amazingly White has good 
chances to escape, since for the moment the knight on d1 is out of play 
and black king needs permanent protection (weaknesses on h7 and f6, easy 
to attack).

Black has a material advantage and subsequently manages to utilize it } 
42. Rh4 Qd8 43. Rh6 Rf7 44. Qe6 Rf8 45. Qe4 ( 45. Qf5 Qe7 ( 45. ... Rf7 
46. Qe6 Qf8 47. Rh4 =/& ) 46. Qd3 Qb7+ 47. f3 ( 47. Kh2 Nxf2 -+ ) ( 47. 
Kg1 Nb2 48. Qc2 â–³ Rd8 -+ ) 47. ... Nb2 48. Qc2 Qg7 49. Rh1 Rg8 50. g4 f5
51. Qxf5 Nc4 52. Rxh7+ Qxh7 53. Qf6+ {is an amazing drawish line.} ) 
45. ... Qd7 46. Qf3 Kg7 47. Rh5 Nb2 ( 47. ... Rd8! {Ftacnik} 48. Qe4 h6 
-/+ ) 48. Rd5 Qe6 49. Rd4! Rc8 50. Re4 Qc6 51. Kh2 Kf8 52. Qf4 {'!' 
Ftacnik.} 52. ... Kf7 53. Qf5 Rg8 54. Qxh7+ Rg7 55. Qh5+ Kf8 56. Qf5? {
Overestimating the position. After a skillful play from Topalov, who being
a piece down succeeded to keep the knight out of play and even win pawn 
h7, he finally collapses. Probably inspired by the last part of the game, 
he decides to continue, missing that Black's extra piece will come back 
and only Black has winning chances after that.} ( 56. Qh8+ Kf7 57. Qh5+ {
would have forced a draw.} ) 56. ... Nc4 -/+ {/-+} 57. Re2 ( 57. Re6 Rh7+ 
{maybe being tired Veselin missed this move, which is the only one, but 
enough for a win.} 58. Qxh7 Qxe6 -+ ) 57. ... Rg5 58. Qh7 Ne5 59. Qh6+ Kg8
{The game is over. White cannot defend against Black's threats.} 60. Qxg5+
fxg5 61. Rxe5 Qf6 62. Re2 Qf3 63. Rd2 Kf7 64. a4 Qb3 65. Rd6 Qxa4 66. Rb6 
Qa2 0-1